[Event "Oberhausener SV 1 - SK Münster 2"]
[Site "NRW-Klasse, Gruppe 1 2014/201"]
[Date "2015.04.26"]
[Round "9.4"]
[White "Litwak, Aleksej"]
[Black "Neuer, Thomas"]
[Result "1-0"]
[WhiteElo "2260"]
[BlackElo "2043"]
[Annotator "Hausrath,Daniel"]
[PlyCount "119"]
[EventDate "2015.??.??"]
[WhiteTeam "Oberhausener SV 1"]
[BlackTeam "SK Münster 2"]

1. e4 e6 2. d4 d5 3. Nd2 c5 4. exd5 exd5 5. Ngf3 Nc6 6. Bb5 Qe7+ 7. Be2 Qc7 8.
O-O Nf6 9. c4 Be6 10. Qa4 Be7 11. Nb3 Nd7 12. dxc5 Nxc5 13. Nxc5 Bxc5 14. cxd5
Bxd5 15. Bf4 Qb6 16. Rad1 Bxf3 17. Bxf3 O-O 18. Rd7 Qxb2 19. Qc4 Qb4 20. Qxb4
Nxb4 21. Rxb7 Rad8 $11 22. Rb5 Nd3 23. Be3 Bxe3 24. fxe3 Rb8 25. Rfb1 Rxb5 26.
Rxb5 Rc8 27. h4 g6 28. Rb7 a5 29. Bd5 Rc1+ 30. Kh2 Ne5 31. Re7 Ng4+ 32. Kg3 Nh6
33. e4 Rc3+ 34. Kf4 Kf8 35. Ra7 Rc5 36. g4 f5 37. g5 fxe4 38. Kxe4 Nf5 39. Rf7+
Ke8 40. Rxh7 Rc3 41. Bf7+ Kf8 42. Bxg6 Nxh4 43. Bh5 Rc5 44. Rf7+ Kg8 45. Rf4
Ng2 46. Rg4 Ne1 47. Rg1 Nc2 48. Bd1 Kg7 49. Rg2 Nb4 50. a3 Nc6 51. Rc2 Re5+ 52.
Kf4 Re6 53. Bf3 Nd4 54. Rc7+ Kf8 55. Bg4 Re1 56. Rc4 Nb5 57. Ra4 Ra1 58. Rxa5
Nxa3 59. g6 Rf1+ 60. Kg5 1-0

[Event "Oberhausener SV 1 - SK Münster 2"]
[Site "NRW-Klasse, Gruppe 1 2014/201"]
[Date "2015.04.26"]
[Round "9.5"]
[White "Quante, Lennart"]
[Black "Nissen, Claus"]
[Result "0-1"]
[WhiteElo "2029"]
[BlackElo "2116"]
[Annotator "Hausrath,Daniel"]
[PlyCount "76"]
[EventDate "2015.??.??"]
[WhiteTeam "SK Münster 2"]
[BlackTeam "Oberhausener SV 1"]

1. d4 e6 2. c4 c5 3. Nf3 Nf6 4. Nc3 cxd4 5. Nxd4 Bb4 6. f3 O-O 7. Bd2 d5 8. a3
dxc4 9. axb4 Qxd4 10. e3 Qb6 11. Bxc4 Qxb4 12. Qe2 Qe7 13. e4 Nc6 14. Be3 e5
15. Qf2 Nd4 16. O-O Rd8 17. Rfd1 Be6 18. Bxe6 Nxe6 19. Nd5 Nxd5 20. exd5 Nf4
21. Bxf4 exf4 22. Rxa7 Rxa7 23. Qxa7 g5 24. d6 Qe3+ 25. Qxe3 fxe3 26. Kf1 f6
27. Ke2 Kf7 28. Kxe3 Ke6 29. Rd4 Rxd6 30. Rb4 b6 31. h4 h6 32. hxg5 hxg5 33. g4
Rc6 34. Ke4 Kd6 35. Rb5 Rc4+ 36. Kd3 Rc6 37. Kd4 Ke6 $11 38. Rb3 Kd6 {ZÜ} 0-1

[Event "Oberhausener SV 1 - SK Münster 2"]
[Site "NRW-Klasse, Gruppe 1 2014/201"]
[Date "2015.04.26"]
[Round "9.6"]
[White "Ciornei, Dragos"]
[Black "Holtel, Jasper"]
[Result "1-0"]
[WhiteElo "2101"]
[BlackElo "2037"]
[PlyCount "67"]
[EventDate "2015.??.??"]
[WhiteTeam "Oberhausener SV 1"]
[BlackTeam "SK Münster 2"]

1. e4 c5 2. Nf3 d6 3. d4 cxd4 4. Nxd4 Nf6 5. Nc3 e5 6. Bb5+ Nbd7 7. Nf5 a6 8.
Bxd7+ Qxd7 9. Bg5 Nxe4 10. Nxg7+ Bxg7 11. Nxe4 O-O 12. Qxd6 f6 13. Qxd7 Bxd7
14. Be3 Bc6 15. f3 Bxe4 16. fxe4 Rac8 17. c3 Rc4 18. Kf2 Rxe4 19. Rad1 f5 20.
Rd7 b5 21. Rhd1 b4 22. Bc5 bxc3 23. Bxf8 c2 24. Rc1 Bxf8 25. Rxc2 Rb4 26. b3
Rb6 27. Rc8 Rf6 28. b4 f4 29. a4 e4 30. Rdd8 Kg7 31. Rxf8 Rxf8 32. Rxf8 Kxf8
33. b5 axb5 34. a5 1-0

[Event "Oberhausener SV 1 - SK Münster 2"]
[Site "NRW-Klasse, Gruppe 1 2014/201"]
[Date "2015.04.26"]
[Round "9.8"]
[White "Gerst, Michael"]
[Black "Baumann, Stephan"]
[Result "1/2-1/2"]
[WhiteElo "1978"]
[BlackElo "1966"]
[PlyCount "36"]
[EventDate "2015.??.??"]
[WhiteTeam "Oberhausener SV 1"]
[BlackTeam "SK Münster 2"]

1. Nf3 Nf6 2. d4 c5 3. c4 cxd4 4. Nxd4 e5 5. Nc2 d5 6. cxd5 Nxd5 7. e4 Nb4 8.
Qxd8+ Kxd8 9. Nxb4 Bxb4+ 10. Bd2 Bxd2+ 11. Nxd2 Be6 12. Bc4 Ke7 13. Bxe6 Kxe6
14. O-O-O Na6 15. Nb3 Rac8+ 16. Kb1 Nc5 17. Nxc5+ Rxc5 18. Rd2 Rhc8 1/2-1/2

[Event "SV Erkenschwick 1 - LSV Turm Lippstadt "]
[Site "NRW-Klasse, Gruppe 1 2014/201"]
[Date "2015.04.26"]
[Round "9.1"]
[White "Wehmeier, Stefan"]
[Black "Willemze, Thomas"]
[Result "0-1"]
[WhiteElo "2407"]
[BlackElo "2372"]
[PlyCount "54"]
[EventDate "2015.??.??"]
[WhiteTeam "LSV Turm Lippstadt 1"]
[BlackTeam "SV Erkenschwick 1"]

1. e4 d5 2. exd5 Qxd5 3. Nc3 Qa5 4. g3 g6 5. Bg2 Bg7 6. Nf3 Nh6 7. O-O O-O 8.
d3 Qh5 9. Qe1 Nc6 10. Ng5 Nd4 11. Qxe7 Bf6 12. Qc5 Nhf5 13. Nce4 Bg7 14. h3 Nd6
15. Be3 Nxe4 16. dxe4 b6 17. Qxc7 Ba6 18. Rfd1 Rac8 19. Qxa7 Nxc2 20. g4 Qh6
21. Nxf7 Qh4 22. Qxa6 Nxe3 23. fxe3 Rc2 24. Qf1 Rxf7 25. Qe1 Rff2 26. Kh1 Qg3
27. Rd8+ Kf7 0-1

[Event "SV Erkenschwick 1 - LSV Turm Lippstadt "]
[Site "NRW-Klasse, Gruppe 1 2014/201"]
[Date "2015.04.26"]
[Round "9.2"]
[White "Bitalzadeh, Ali"]
[Black "Wagner, Alexej"]
[Result "1-0"]
[WhiteElo "2342"]
[BlackElo "2206"]
[PlyCount "65"]
[EventDate "2015.??.??"]
[WhiteTeam "SV Erkenschwick 1"]
[BlackTeam "LSV Turm Lippstadt 1"]

1. c4 Nf6 2. Nc3 e6 3. e4 d5 4. cxd5 exd5 5. e5 d4 6. exf6 dxc3 7. Bb5+ c6 8.
Qe2+ Be6 9. Bc4 cxd2+ 10. Bxd2 Qxf6 11. Bc3 Qh6 12. Nf3 Bc5 13. O-O O-O 14.
Rfe1 Nd7 15. b4 Bb6 16. a4 a5 17. Rad1 Rfd8 18. Bxe6 fxe6 19. Bd2 Qg6 20. bxa5
Bxa5 21. Bxa5 Rxa5 22. Qb2 b6 23. Nd4 Ne5 24. Qxb6 Rxd4 25. Rxd4 Nf3+ 26. Kh1
Nxd4 27. Qxa5 Qf6 28. Qa8+ Kf7 29. Qb7+ Kg6 30. Qb1+ Kh6 31. a5 Qxf2 32. a6 Nf3
33. Rf1 1-0

[Event "SV Erkenschwick 1 - LSV Turm Lippstadt "]
[Site "NRW-Klasse, Gruppe 1 2014/201"]
[Date "2015.04.26"]
[Round "9.3"]
[White "Hecht, Carsten"]
[Black "Erwich, Marc"]
[Result "1-0"]
[WhiteElo "2189"]
[BlackElo "2323"]
[PlyCount "72"]
[EventDate "2015.??.??"]
[WhiteTeam "LSV Turm Lippstadt 1"]
[BlackTeam "SV Erkenschwick 1"]

1. e4 e5 2. Nf3 Nc6 3. Bb5 a6 4. Ba4 Nf6 5. O-O Be7 6. d3 b5 7. Bb3 d6 8. a3
Bg4 9. Be3 O-O 10. Nc3 Qd7 11. h3 Bh5 12. Nd5 Nxd5 13. Bxd5 Bxf3 14. Qxf3 Rab8
15. c3 Bf6 16. b4 Ne7 17. Bb3 a5 18. Rfd1 Ra8 19. Qe2 Ra6 20. c4 c6 21. Bd2
axb4 22. axb4 Rfa8 23. Bc3 Ng6 24. Rxa6 Rxa6 25. cxb5 cxb5 26. d4 Nf4 27. Qf3
Qc7 28. Bb2 h5 29. Kh1 Qc8 30. Bc1 Ne6 31. dxe5 dxe5 32. Qxh5 Qc3 33. Bxe6 Rxe6
34. Bg5 g6 35. Qh4 Qc2 36. Ra1 Kg7 1-0

[Event "SV Erkenschwick 1 - LSV Turm Lippstadt "]
[Site "NRW-Klasse, Gruppe 1 2014/201"]
[Date "2015.04.26"]
[Round "9.4"]
[White "Van Beek, Alexander"]
[Black "Grobbel, Rainer"]
[Result "1-0"]
[WhiteElo "2336"]
[BlackElo "2120"]
[PlyCount "49"]
[EventDate "2015.??.??"]
[WhiteTeam "SV Erkenschwick 1"]
[BlackTeam "LSV Turm Lippstadt 1"]

1. e4 c5 2. Nf3 Nc6 3. Bb5 g6 4. Bxc6 bxc6 5. O-O Bg7 6. Re1 e5 7. c3 d6 8. d4
cxd4 9. cxd4 Ne7 10. dxe5 dxe5 11. Qxd8+ Kxd8 12. Nbd2 f6 13. Nc4 Be6 14. Na5
Rb8 15. b3 Rb5 16. Bd2 Kc7 17. Rac1 Rd8 18. a4 Rbb8 19. Rc3 Rdc8 20. Be3 f5 21.
Bxa7 Ra8 22. Bc5 Rxa5 23. Bxe7 Rb8 24. Rd1 Rxb3 25. Bd8+ 1-0

[Event "SV Erkenschwick 1 - LSV Turm Lippstadt "]
[Site "NRW-Klasse, Gruppe 1 2014/201"]
[Date "2015.04.26"]
[Round "9.5"]
[White "Roemhild, Marcus"]
[Black "Erwich, Frank"]
[Result "0-1"]
[WhiteElo "2013"]
[BlackElo "2290"]
[PlyCount "84"]
[EventDate "2015.??.??"]
[WhiteTeam "LSV Turm Lippstadt 1"]
[BlackTeam "SV Erkenschwick 1"]

1. c4 Nf6 2. g3 e6 3. Bg2 d5 4. Nf3 dxc4 5. O-O a6 6. a4 Nc6 7. Qc2 Na5 8. Na3
Qd5 9. Rd1 Bd7 10. d4 Qf5 11. Ne5 Qxc2 12. Nxc2 Rb8 13. Bf4 Nd5 14. Nxd7 Kxd7
15. e4 Nxf4 16. gxf4 c6 17. d5 exd5 18. exd5 Bd6 19. Ne3 c5 20. Bf1 Rhe8 21.
Ra3 Re4 22. Bh3+ Kc7 23. Nf5 g6 24. Nxd6 Kxd6 25. Re3 Rbe8 26. Rde1 Rxe3 27.
fxe3 f5 28. Bg2 Nb3 29. Kf2 b5 30. Rd1 bxa4 31. Bf1 c3 32. bxc3 a3 33. Bc4 Rb8
34. Ke2 a2 35. Bxb3 Rxb3 36. Ra1 Rb2+ 37. Kd3 Kxd5 38. c4+ Kc6 39. h4 Rb3+ 40.
Kc2 Rxe3 41. Rxa2 Re2+ 42. Kb3 Rxa2 0-1

[Event "SV Erkenschwick 1 - LSV Turm Lippstadt "]
[Site "NRW-Klasse, Gruppe 1 2014/201"]
[Date "2015.04.26"]
[Round "9.6"]
[White "Homs, Guust"]
[Black "Borjini, Faouzi"]
[Result "1-0"]
[WhiteElo "2162"]
[BlackElo "1934"]
[PlyCount "93"]
[EventDate "2015.??.??"]
[WhiteTeam "SV Erkenschwick 1"]
[BlackTeam "LSV Turm Lippstadt 1"]

1. e4 c5 2. c3 d5 3. exd5 Qxd5 4. d4 cxd4 5. cxd4 Nc6 6. Nf3 Bg4 7. Nc3 Bxf3 8.
gxf3 Qxd4 9. Qxd4 Nxd4 10. Nb5 e5 11. Nc7+ Kd8 12. Nxa8 Nc2+ 13. Kd1 Nxa1 14.
Be3 b6 15. Bd3 Nf6 16. Ke2 Bd6 17. Rc1 Re8 18. Bb5 Rf8 19. Rxa1 Ke7 20. Bc6 Rc8
21. Rc1 Nd7 22. a3 f5 23. b4 f4 24. Bd2 Nf6 25. a4 g5 26. h3 Nh5 27. b5 Ng7 28.
a5 bxa5 29. b6 Ne6 30. Be4 Rxc1 31. Bxc1 axb6 32. Nxb6 Nd4+ 33. Kd3 Nb3 34. Bb2
Nc5+ 35. Kc4 Nxe4 36. fxe4 Ke6 37. Bc3 f3 38. Bxa5 h5 39. Nd5 g4 40. hxg4 h4
41. Ne3 Be7 42. Nf1 h3 43. Bd2 Bh4 44. Be3 Kf6 45. Nh2 Bg5 46. Kd3 Bf4 47. Bxf4
1-0

[Event "SV Erkenschwick 1 - LSV Turm Lippstadt "]
[Site "NRW-Klasse, Gruppe 1 2014/201"]
[Date "2015.04.26"]
[Round "9.7"]
[White "Kruse, Janik"]
[Black "Krings, Christoph"]
[Result "0-1"]
[WhiteElo "1855"]
[BlackElo "2109"]
[PlyCount "96"]
[EventDate "2015.??.??"]
[WhiteTeam "LSV Turm Lippstadt 1"]
[BlackTeam "SV Erkenschwick 1"]

1. d4 e6 2. c4 f5 3. Nf3 d6 4. Nc3 Nf6 5. g3 Be7 6. Bg2 O-O 7. O-O a5 8. Bg5
Ne4 9. Bxe7 Qxe7 10. Qc2 Nxc3 11. Qxc3 Nd7 12. Rac1 c6 13. d5 exd5 14. cxd5 c5
15. e3 b5 16. Rfd1 b4 17. Qc2 Ba6 18. h4 h6 19. Bh3 Ne5 20. Nxe5 Qxe5 21. b3
Bb5 22. Bf1 Bxf1 23. Kxf1 a4 24. Qd3 axb3 25. axb3 Ra2 26. Rc2 Rfa8 27. Rxa2
Rxa2 28. Rd2 c4 29. Qe2 Qe4 30. f3 Rxd2 31. fxe4 Rxe2 32. Kxe2 cxb3 33. Kd2
fxe4 34. Kc1 Kf7 35. Kb2 Kf6 36. g4 h5 37. gxh5 Kf5 38. Kxb3 Kg4 39. Kxb4 Kf3
40. Kb5 Kxe3 41. Kc6 Kf4 42. Kxd6 e3 43. Kc7 e2 44. d6 e1=Q 45. d7 Qe7 46. Kc8
Qc5+ 47. Kb7 Qd6 48. Kc8 Qc6+ 0-1

[Event "SV Erkenschwick 1 - LSV Turm Lippstadt "]
[Site "NRW-Klasse, Gruppe 1 2014/201"]
[Date "2015.04.26"]
[Round "9.8"]
[White "Strozewski, Frank"]
[Black "Constantakis, Georg"]
[Result "1-0"]
[WhiteElo "1933"]
[BlackElo "1503"]
[Annotator "Hausrath,Daniel"]
[PlyCount "59"]
[EventDate "2015.??.??"]
[WhiteTeam "SV Erkenschwick 1"]
[BlackTeam "LSV Turm Lippstadt 1"]

1. c4 e5 2. Nc3 Nf6 3. d3 g6 4. g3 Bg7 5. Bg2 c6 6. e4 a5 7. Nge2 Na6 8. O-O d6
9. h3 O-O 10. Be3 Be6 11. f4 Qc8 12. Kh2 Nh5 13. g4 exf4 14. Nxf4 Nxf4 15. Bxf4
Be5 16. Qf3 Qc7 17. Kh1 Bxf4 18. Qxf4 Nb4 19. Rf3 Nc2 20. Raf1 Nd4 21. R3f2 c5
$11 22. g5 Qe7 23. h4 Qd7 24. h5 Bh3 25. Nd5 Bxg2+ 26. Kxg2 Qd8 27. Nf6+ Kh8
28. Qh4 Kg7 29. hxg6 Rh8 30. Qh6# 1-0

[Event "SC Hansa Dortmund 2 - SV Letmathe 1"]
[Site "NRW-Klasse, Gruppe 1 2014/201"]
[Date "2015.04.26"]
[Round "9.1"]
[White "Podzielny, Karl-Heinz"]
[Black "Schmittdiel, Eckhard"]
[Result "0-1"]
[WhiteElo "2409"]
[BlackElo "2372"]
[PlyCount "70"]
[EventDate "2015.??.??"]
[WhiteTeam "SV Letmathe 1"]
[BlackTeam "SC Hansa Dortmund 2"]

1. d4 d5 2. Nf3 e6 3. c4 Nf6 4. Nc3 Nbd7 5. cxd5 exd5 6. Bg5 h6 7. Bh4 c6 8.
Qc2 Be7 9. e3 O-O 10. Bd3 Re8 11. Bg3 Nh5 12. Be5 Nxe5 13. dxe5 g6 14. O-O-O
Bb4 15. Kb1 Bxc3 16. Qxc3 Qe7 17. h3 Ng7 18. g4 c5 19. Bc2 Rd8 20. Nd2 b5 21.
Qa5 Rb8 22. Ne4 Bb7 23. Nf6+ Kh8 24. f4 Ne8 25. Nxe8 Rxe8 26. Rh2 Bc6 27. Qe1
b4 28. h4 c4 29. Rd4 a5 30. h5 g5 31. Qf1 a4 32. Qe1 b3 33. Bf5 a3 34. Qc3
bxa2+ 35. Ka1 Rb3 0-1

[Event "SC Hansa Dortmund 2 - SV Letmathe 1"]
[Site "NRW-Klasse, Gruppe 1 2014/201"]
[Date "2015.04.26"]
[Round "9.2"]
[White "Mainka, Romuald"]
[Black "Adamski, Jan"]
[Result "0-1"]
[WhiteElo "2349"]
[BlackElo "2276"]
[PlyCount "70"]
[EventDate "2015.??.??"]
[WhiteTeam "SC Hansa Dortmund 2"]
[BlackTeam "SV Letmathe 1"]

1. e4 c5 2. Nf3 e6 3. d4 cxd4 4. Nxd4 Qb6 5. Nb3 Qc7 6. Nc3 a6 7. Bd3 b5 8. O-O
Bb7 9. Qe2 d6 10. Bf4 Nf6 11. a4 b4 12. Nb1 Nc6 13. N1d2 Ne5 14. a5 Be7 15. Bg3
O-O 16. f4 Nxd3 17. cxd3 Rac8 18. Bf2 Nd7 19. Bd4 e5 20. fxe5 dxe5 21. Bf2 Bc6
22. Nc4 Bb5 23. Nbd2 Bc5 24. Rfd1 Bxf2+ 25. Qxf2 Nc5 26. Nxe5 Qxe5 27. d4 Nd3
28. dxe5 Nxf2 29. Kxf2 Rc2 30. Rac1 Rxb2 31. Rb1 Ra2 32. Ke3 Rxa5 33. Rxb4 Rd8
34. Rc1 Ra3+ 35. Rb3 Ra2 0-1

[Event "SC Hansa Dortmund 2 - SV Letmathe 1"]
[Site "NRW-Klasse, Gruppe 1 2014/201"]
[Date "2015.04.26"]
[Round "9.3"]
[White "Schleining, Zoya"]
[Black "Kotter, Ralf"]
[Result "0-1"]
[WhiteElo "2358"]
[BlackElo "2300"]
[PlyCount "208"]
[EventDate "2015.??.??"]
[WhiteTeam "SV Letmathe 1"]
[BlackTeam "SC Hansa Dortmund 2"]

1. Nf3 d5 2. d4 Nf6 3. c4 e6 4. Nc3 Bb4 5. Qa4+ Nc6 6. Bg5 h6 7. Bxf6 Qxf6 8.
e3 O-O 9. Rc1 Qg6 10. Qc2 Qxc2 11. Rxc2 Rd8 12. a3 Bf8 13. Be2 Ne7 14. O-O Bd7
15. Rfc1 c6 16. Ne5 Be8 17. c5 f6 18. Nd3 Bg6 19. Rd2 Bh7 20. Nf4 Kf7 21. Bh5+
g6 22. Bg4 f5 23. Bd1 Bg7 24. Nd3 g5 25. Ne2 Bg6 26. h3 Bh5 27. f3 Bg6 28. Bc2
Bh7 29. Ne5+ Kg8 30. f4 Ng6 31. g3 a5 32. Nxg6 Bxg6 33. Nc3 Bf6 34. Rg2 Kf7 35.
Rf1 Rg8 36. Ne2 Ke7 37. Kh2 Bf7 38. Rgf2 Bh5 39. fxg5 Bxg5 40. Nf4 Bxf4 41.
exf4 b6 42. Re1 Kd7 43. cxb6 Rab8 44. Ba4 Rxb6 45. b3 Kd6 46. Rc2 Rc8 47. Rc5
Ra6 48. Kg2 Rc7 49. Kf2 Rc8 50. Rec1 Rc7 51. Ke3 Rc8 52. R1c3 Rc7 53. Kd2 Rc8
54. Re3 Rc7 55. Rc1 Rb6 56. Rec3 Rc8 57. Rg1 Rg8 58. g4 Bf7 59. Rgg3 fxg4 60.
hxg4 h5 61. gxh5 Rxg3 62. Rxg3 Bxh5 63. Rg7 Ra6 64. Rb7 Ra8 65. Ke3 Rg8 66. Rb6
Rg3+ 67. Kd2 Be8 68. Rb8 Bd7 69. Rf8 Ke7 70. Ra8 Rf3 71. Rxa5 Rxf4 72. Kc3 Rf3+
73. Kd2 Kd6 74. Ra7 Be8 75. Rg7 Bf7 76. Rg5 c5 77. dxc5+ Kxc5 78. Ke2 Rh3 79.
Kd2 Kd4 80. Rg4+ Ke5 81. Rb4 Bg6 82. Bd7 Rh2+ 83. Ke1 Bf5 84. a4 Ra2 85. Rh4 d4
86. Bb5 d3 87. Bc4 Be4 88. b4 d2+ 89. Kd1 Bf3+ 90. Be2 Ra1+ 91. Kxd2 Ra2+ 92.
Ke3 Bxe2 93. Re4+ Kd5 94. Rd4+ Kc6 95. Re4 Kd6 96. Rd4+ Ke7 97. b5 Bf1 98. Rb4
Bg2 99. b6 Bb7 100. Rc4 Kd6 101. Rc7 Bc6 102. Rc8 Rxa4 103. Rd8+ Kc5 104. Rd2
Rf4 0-1

[Event "SC Hansa Dortmund 2 - SV Letmathe 1"]
[Site "NRW-Klasse, Gruppe 1 2014/201"]
[Date "2015.04.26"]
[Round "9.4"]
[White "Sundorf, Jannik"]
[Black "Gruermann, Martin"]
[Result "1/2-1/2"]
[WhiteElo "2102"]
[BlackElo "2090"]
[PlyCount "71"]
[EventDate "2015.??.??"]
[WhiteTeam "SC Hansa Dortmund 2"]
[BlackTeam "SV Letmathe 1"]

1. d4 d5 2. Nf3 Nc6 3. c4 Bg4 4. Nc3 e6 5. cxd5 exd5 6. Bf4 Bxf3 7. gxf3 Bd6 8.
Bg3 Nge7 9. e3 O-O 10. Rc1 Qd7 11. Bd3 a6 12. O-O Qe6 13. Re1 Qf6 14. f4 g6 15.
Qg4 Qg7 16. f5 Bxg3 17. hxg3 Rfd8 18. Qf4 Rd6 19. Kg2 Nxf5 20. Bxf5 gxf5 21.
Qxf5 Ne7 22. Qc2 Qg6 23. Na4 c6 24. Rh1 Kg7 25. Nc5 b6 26. Na4 Rb8 27. Rh3 Nf5
28. Kh2 Rf6 29. g4 Nd6 30. Qxg6+ hxg6 31. Kg2 Ne4 32. Rc2 b5 33. Nc3 Nxc3 34.
Rxc3 a5 35. Rh1 Re6 36. Rhc1 1/2-1/2

[Event "SC Hansa Dortmund 2 - SV Letmathe 1"]
[Site "NRW-Klasse, Gruppe 1 2014/201"]
[Date "2015.04.26"]
[Round "9.5"]
[White "Haude, Ruediger"]
[Black "Babar, Michael"]
[Result "1-0"]
[WhiteElo "2010"]
[BlackElo "2084"]
[PlyCount "83"]
[EventDate "2015.??.??"]
[WhiteTeam "SV Letmathe 1"]
[BlackTeam "SC Hansa Dortmund 2"]

1. d4 Nf6 2. Nf3 e6 3. g3 b6 4. Bg2 Bb7 5. O-O Be7 6. c4 O-O 7. Nc3 d5 8. Qc2
Nbd7 9. Rd1 c6 10. Bf4 Qc8 11. Rac1 dxc4 12. e4 a6 13. e5 Nd5 14. Ne4 c5 15.
Nfg5 g6 16. Qxc4 h6 17. Nh3 Kg7 18. Qe2 Qd8 19. dxc5 bxc5 20. Nd6 Bxd6 21. exd6
Qa5 22. Be5+ f6 23. Bc3 Nxc3 24. Rxc3 Bxg2 25. Kxg2 Rae8 26. Nf4 e5 27. Qg4
exf4 28. Qxd7+ Kg8 29. Qg4 Kh7 30. Qxf4 Qxa2 31. Rxc5 Qe6 32. Qc4 Qxc4 33. Rxc4
Rf7 34. Rc7 Kg7 35. Rc6 a5 36. Kf3 Rd8 37. Ke4 Rfd7 38. Kd5 Kf7 39. Re1 g5 40.
Kc5 Rb8 41. Rc7 Rb7 42. Kc6 1-0

[Event "SC Hansa Dortmund 2 - SV Letmathe 1"]
[Site "NRW-Klasse, Gruppe 1 2014/201"]
[Date "2015.04.26"]
[Round "9.6"]
[White "Berndt, Joachim"]
[Black "Pfleger, Sascha"]
[Result "1/2-1/2"]
[WhiteElo "2069"]
[BlackElo "1937"]
[PlyCount "104"]
[EventDate "2015.??.??"]
[WhiteTeam "SC Hansa Dortmund 2"]
[BlackTeam "SV Letmathe 1"]

1. c4 c5 2. g3 b6 3. Bg2 Nc6 4. Nc3 Bb7 5. e4 g6 6. Nge2 Bg7 7. d3 d6 8. O-O
Nf6 9. f4 O-O 10. h3 Nd7 11. Kh2 Nd4 12. Nxd4 Bxd4 13. Ne2 Bg7 14. Rb1 Qc7 15.
b3 Rad8 16. Bb2 Bxb2 17. Rxb2 Bc6 18. g4 b5 19. Ng3 a5 20. Rbf2 a4 21. cxb5
Bxb5 22. bxa4 Bc6 23. h4 Ra8 24. h5 Rxa4 25. hxg6 hxg6 26. g5 Kg7 27. Rh1 Rh8+
28. Kg1 Rxh1+ 29. Bxh1 Ra8 30. Bf3 Rh8 31. Bg4 d5 32. Bxd7 Qxd7 33. f5 dxe4 34.
Qa1+ Qd4 35. f6+ exf6 36. gxf6+ Kg8 37. Qxd4 cxd4 38. dxe4 Rh3 39. Kg2 Rh4 40.
Kf3 g5 41. Ke2 Kh7 42. Nf5 Bb5+ 43. Kd2 Rh3 44. Nd6 Rd3+ 45. Kc2 Rc3+ 46. Kb2
Bc4 47. e5 Be6 48. Ne4 Rc6 49. Nxg5+ Kg6 50. Nxe6 Rxe6 51. Kc2 Rxe5 52. Kd3 Ra5
1/2-1/2

[Event "SC Hansa Dortmund 2 - SV Letmathe 1"]
[Site "NRW-Klasse, Gruppe 1 2014/201"]
[Date "2015.04.26"]
[Round "9.7"]
[White "Tomiczny, Darius"]
[Black "Prueske, Wolfgang"]
[Result "1-0"]
[WhiteElo "1934"]
[BlackElo "2075"]
[PlyCount "79"]
[EventDate "2015.??.??"]
[WhiteTeam "SV Letmathe 1"]
[BlackTeam "SC Hansa Dortmund 2"]

1. f4 g6 2. Nf3 Bg7 3. d3 d5 4. c3 Nc6 5. Qc2 e5 6. g3 Qe7 7. fxe5 Nxe5 8. Nxe5
Bxe5 9. Bg2 Be6 10. Bf4 Bg7 11. Na3 c6 12. O-O Nf6 13. Qd2 O-O 14. Bg5 Bf5 15.
e4 dxe4 16. dxe4 Rad8 17. Qf4 Qc5+ 18. Kh1 Nh5 19. Qc1 Bg4 20. Bxd8 Rxd8 21.
Qe1 Be5 22. Qf2 Qe7 23. Nc4 Bc7 24. e5 Be6 25. Nd6 Bxd6 26. exd6 Rxd6 27. Qxa7
Qd7 28. Rae1 Kg7 29. b3 Bh3 30. Qf2 Be6 31. Bf3 Nf6 32. Rd1 Rxd1 33. Rxd1 Qe7
34. Qd4 Kg8 35. Qd8+ Qxd8 36. Rxd8+ Kg7 37. Rb8 Nd5 38. c4 Nb4 39. a3 Nc2 40.
Be4 1-0

[Event "SC Hansa Dortmund 2 - SV Letmathe 1"]
[Site "NRW-Klasse, Gruppe 1 2014/201"]
[Date "2015.04.26"]
[Round "9.8"]
[White "Linker, Walter"]
[Black "Schaar, Axel"]
[Result "1/2-1/2"]
[WhiteElo "2034"]
[BlackElo "1781"]
[PlyCount "86"]
[EventDate "2015.??.??"]
[WhiteTeam "SC Hansa Dortmund 2"]
[BlackTeam "SV Letmathe 1"]

1. f4 d5 2. Nf3 Nf6 3. b3 e6 4. e3 Be7 5. Bb2 O-O 6. Be2 c5 7. O-O Nc6 8. Qe1
b6 9. a3 Ne4 10. d3 Nd6 11. Ne5 Bb7 12. Bf3 Rc8 13. Nd2 f6 14. Nxc6 Bxc6 15.
Qg3 Qd7 16. Rae1 c4 17. Be2 Bb5 18. dxc4 dxc4 19. Nxc4 Bxc4 20. bxc4 Nxc4 21.
Rd1 Qa4 22. Bxc4 Rxc4 23. Qg4 Qc6 24. c3 f5 25. Qe2 Bf6 26. Rd6 Qe4 27. Rc1
Rfc8 28. Qd2 h6 29. Rd7 R8c7 30. Rxc7 Rxc7 31. Kf2 Kh7 32. Qd6 Rc5 33. Qd2 Qc4
34. Qe2 e5 35. Qxc4 Rxc4 36. g3 e4 37. Ke2 Be7 38. Rd1 Rc7 39. Rd5 Kg6 40. Kd2
Bf6 41. Kc2 Be7 42. Kd2 Bf6 43. Kc2 Be7 1/2-1/2

[Event "SG Ennepe-Ruhr-Süd 1 - SG Niederkassel "]
[Site "NRW-Klasse, Gruppe 1 2014/201"]
[Date "2015.04.26"]
[Round "9.1"]
[White "Stanetzek, Carsten"]
[Black "Lupor, Stefan"]
[Result "1/2-1/2"]
[WhiteElo "2193"]
[BlackElo "2219"]
[Annotator "Hausrath,Daniel"]
[PlyCount "72"]
[EventDate "2015.??.??"]
[WhiteTeam "SG Niederkassel 1"]
[BlackTeam "SG Ennepe-Ruhr-Süd 1"]

1. e4 e6 2. d4 d5 3. exd5 exd5 4. Nf3 Bd6 5. Bd3 Nc6 6. O-O Bg4 7. Re1+ Nge7 8.
c3 Qd7 9. b4 O-O 10. Nbd2 Ng6 11. Qc2 Rae8 12. Bb2 Nce7 13. a3 Bf5 14. Bxf5
Qxf5 15. Qxf5 Nxf5 16. g3 f6 17. Kf1 Kf7 18. a4 h5 19. h4 Rxe1+ 20. Rxe1 $11
Nge7 21. Nb3 b6 22. Ke2 Rc8 23. Kd3 c5 24. dxc5 bxc5 25. bxc5 Bxc5 26. Nxc5
Rxc5 27. Nd4 Nxd4 28. cxd4 Rc4 29. a5 Nc6 30. Bc3 g6 31. Rb1 Ke6 32. Rb7 Ra4
33. Rc7 Kd6 34. Rf7 Ke6 35. Rc7 Kd6 36. Rf7 Ke6 1/2-1/2

[Event "SG Ennepe-Ruhr-Süd 1 - SG Niederkassel "]
[Site "NRW-Klasse, Gruppe 1 2014/201"]
[Date "2015.04.26"]
[Round "9.2"]
[White "Lupor, André"]
[Black "Rybarczyk, Klaus"]
[Result "0-1"]
[WhiteElo "2153"]
[BlackElo "2161"]
[Annotator "Hausrath,Daniel"]
[PlyCount "68"]
[EventDate "2015.??.??"]
[WhiteTeam "SG Ennepe-Ruhr-Süd 1"]
[BlackTeam "SG Niederkassel 1"]

1. Nf3 Nf6 2. c4 g6 3. d4 Bg7 4. Nc3 O-O 5. e4 d6 6. Be2 e5 7. O-O Nc6 8. d5
Ne7 9. b4 Nh5 10. Re1 Nf4 11. Bf1 a5 12. bxa5 Rxa5 13. Nd2 c5 $11 14. a4 Ra6
15. Ra3 f5 16. g3 Nh5 17. exf5 Nxf5 18. Nde4 Nf6 19. Bg2 Bh6 20. Nxf6+ Qxf6 21.
Ne4 Qe7 22. Bxh6 Nxh6 23. f4 Nf7 24. Rae3 exf4 25. gxf4 Qh4 26. Qa1 Nh6 27. Ng5
Ng4 28. Rh3 Qf2+ 29. Kh1 Rxa4 30. Qd1 Ra2 31. Rg3 Qxf4 32. Nh3 Nf2+ 33. Nxf2
Rxf2 34. Re7 Qxc4 0-1

[Event "SG Ennepe-Ruhr-Süd 1 - SG Niederkassel "]
[Site "NRW-Klasse, Gruppe 1 2014/201"]
[Date "2015.04.26"]
[Round "9.3"]
[White "Bussard, Christian"]
[Black "Tripolsky, Eugen"]
[Result "0-1"]
[WhiteElo "2125"]
[BlackElo "2203"]
[PlyCount "76"]
[EventDate "2015.??.??"]
[WhiteTeam "SG Niederkassel 1"]
[BlackTeam "SG Ennepe-Ruhr-Süd 1"]

1. d4 Nf6 2. Nf3 c5 3. e3 d5 4. c3 Nc6 5. Nbd2 Qc7 6. Bd3 Bg4 7. h3 Bh5 8. Qa4
c4 9. g4 cxd3 10. gxh5 O-O-O 11. Qb5 e5 12. dxe5 Nxe5 13. Nxe5 Qxe5 14. Qxd3
Bc5 15. Nb3 Bb6 16. a4 a6 17. a5 Ba7 18. Bd2 Ne4 19. Qe2 Rhe8 20. O-O-O f5 21.
Rhg1 Kb8 22. Kb1 f4 23. Nd4 Bxd4 24. cxd4 Qf5 25. Ka1 Qd7 26. Rc1 f3 27. Qd1
Rf8 28. Be1 Rf7 29. Rg4 Rc8 30. Rxc8+ Qxc8 31. Kb1 Qc4 32. Rg1 Qb5 33. h6 g6
34. h4 Qd7 35. Ka2 Rf5 36. h5 g5 37. Qc2 Rf6 38. Qb3 g4 0-1

[Event "SG Ennepe-Ruhr-Süd 1 - SG Niederkassel "]
[Site "NRW-Klasse, Gruppe 1 2014/201"]
[Date "2015.04.26"]
[Round "9.4"]
[White "Arndt, Stefan"]
[Black "Broehl, Stephan"]
[Result "1/2-1/2"]
[WhiteElo "2142"]
[BlackElo "2132"]
[PlyCount "41"]
[EventDate "2015.??.??"]
[WhiteTeam "SG Ennepe-Ruhr-Süd 1"]
[BlackTeam "SG Niederkassel 1"]

1. e4 c6 2. c4 d5 3. cxd5 cxd5 4. exd5 Nf6 5. Nc3 Nxd5 6. Nf3 Nc6 7. Bb5 Nxc3
8. bxc3 Qd5 9. Qe2 Bg4 10. Bc4 Bxf3 11. Bxd5 Bxe2 12. Kxe2 e6 13. Bxc6+ bxc6
14. Rb1 O-O-O 15. d3 Rd5 16. Rb3 Ra5 17. a3 Bd6 18. Be3 Rd8 19. Rhb1 Rd7 20. c4
Rc7 21. h3 1/2-1/2